000 00543nam a2200181Ia 4500
008 100921s9999 xx 000 0 und d
082 _b19255
_a891.463 थ 84
100 _aलागू चिंतामणी.
245 _aकोहरा.
260 _bशकुन प्रकाशन, पुणे.
_c1984
300 _a192
_b---
365 _b35
520 _aललित-कादंबरी.
630 _aकोहरा.
650 _aललित-कादंबरी.
730 _aकोहरा.
942 _cBOOK
999 _c768368
_d768365